| 000 | 00541nam a22001097a 4500 | ||
|---|---|---|---|
| 008 | 150608b xxu||||| |||| 00| 0 eng d | ||
| 010 | _8SCCRAF:20B | ||
| 245 | _aSUPREME COURT CRIMINAL APPEAL No.13 of 2009 Kasozi Lawrance Vs Uganda | ||
| 260 | _aSupreme Court Kampala | ||
| 500 | _3An Appeal from the Judgement of the court of Appeal At kampala (Before A.Mpagi Bahigeine, A.Twinomujuni and S.B.K KavumaJJ.A )dated !st April, 2009 in Criminal Appeal no.35 of 2003 | ||
| 500 | _3(CORAM: ODOKI, J.C., TSEKOOKO, KATUREEBE, TUMWESIGYE, KISAAKYE, JJ.SC) | ||
| 999 |
_c6038 _d6038 |
||